| 000 | 01163nam a2200301 i 4500 | ||
|---|---|---|---|
| 003 | EG-GICUC | ||
| 005 | 20260121101220.0 | ||
| 008 | 251113s1996 ua ||||f |||| 00| 0 ara d | ||
| 040 |
_a EG-GICUC _bara _c EG-GICUC _d EG-GICUC _erda |
||
| 041 | _aara | ||
| 082 | 0 | 4 |
_221 _a345 _bم ح . أ |
| 092 | 0 | 4 | _221 |
| 099 | _alaw1 07 0345 م ح . أ 1996 | ||
| 100 | 0 |
_aمحمد باهي أبو يونس _eمؤلف. |
|
| 245 |
_aأحكام القانون الإداري : _bالقسم عام / _cدكتور محمد باهي أبو يونس |
||
| 264 |
_aالإسكندرية : _bدار الجامعة الجديدة للنشر , _c1996. |
||
| 300 |
_a426 صفحة _c24 سم |
||
| 336 |
_2rda content _atext |
||
| 337 |
_2rda media _aComputer |
||
| 338 |
_2rda carrier _aOnline Resource |
||
| 500 | _aيشتمل علي ارجاعات ببليوجرافية | ||
| 546 | _aالنص أغلبه باللغة العربية بعض النصوص الإنجليزية والفرنسية | ||
| 650 | 1 |
_aالقانون الإداري _2qrmak |
|
| 651 | 1 | _2qrmak | |
| 856 | 4 | 0 | _uhttps://fll.law.cu.edu.eg/fulltext/bks/B07-00525.pdf |
| 905 | _a74 | ||
| 942 |
_2ddc _n0 _cBK _e21 |
||
| 999 |
_c43193 _d43193 |
||